[Event "Ruhrgebiet Verbandsklasse Gruppe 1 1718"]
[Site "Germany"]
[Date "2018.02.25"]
[Round "7.8"]
[White "Schlee, Ulrich"]
[Black "Herche, Niklas"]
[Result "1-0"]
[WhiteElo "1694"]
[BlackElo "1371"]
[PlyCount "43"]
[EventDate "2017.09.17"]
[EventType "team-tourn"]
[EventRounds "9"]
[EventCountry "GER"]
[SourceTitle "EXT 2022"]
[Source "ChessBase"]
[SourceDate "2021.10.06"]
[SourceVersion "1"]
[SourceVersionDate "2021.10.06"]
[SourceQuality "1"]
[WhiteTeam "Wattenscheid SV III"]
[BlackTeam "Buer SF"]
[WhiteTeamCountry "GER"]
[BlackTeamCountry "GER"]

1. e4 c5 2. Nc3 Nc6 3. Bb5 g6 4. Bxc6 bxc6 5. f4 Bg7 6. Nf3 d6 7. 0-0 Bd4+ 8. Nxd4 cxd4 9. Ne2 c5 10. d3 e6 11. Ng3 Ne7 12. f5 exf5 13. Bg5 0-0 14. exf5 f6 15. Bh6 Rf7 16. fxg6 hxg6 17. Qf3 Rb8 18. b3 Qd7 19. Ne4 Nf5 20. Qg4 Ne7 21. Qxd7 Bxd7 22. Nxf6+ 1-0

[Event "Oberliga NRW 1213"]
[Site "Germany"]
[Date "2013.04.07"]
[Round "8.8"]
[White "Partenheimer, Axel"]
[Black "Schlee, Ulrich"]
[Result "1-0"]
[WhiteElo "2124"]
[BlackElo "1754"]
[PlyCount "63"]
[EventDate "2012.09.16"]
[EventType "team-tourn"]
[EventRounds "9"]
[EventCountry "GER"]
[SourceTitle "EXT 2017"]
[Source "ChessBase"]
[SourceDate "2016.10.25"]
[SourceVersion "1"]
[SourceVersionDate "2016.10.25"]
[SourceQuality "1"]
[WhiteTeam "Duesseldorf"]
[BlackTeam "Bochum Wattenscheid II"]
[WhiteTeamCountry "GER"]
[BlackTeamCountry "GER"]

1. Nf3 d5 2. d4 Nf6 3. c4 e6 4. g3 Be7 5. Bg2 0-0 6. 0-0 Nbd7 7. Qc2 b6 8. Ne5 Bb7 9. Nc3 c6 10. Rd1 Rc8 11. e4 Qe8 12. Bf4 Nxe5 13. dxe5 Nxe4 14. Nxe4 dxe4 15. Bxe4 h6 16. Qe2 Bg5 17. Bxg5 hxg5 18. Rd6 Rc7 19. c5 Qe7 20. Rad1 bxc5 21. Qc4 g6 22. Qxc5 Rd7 23. Qxa7 Rxd6 24. exd6 Qd7 25. Qc5 f5 26. Bg2 Kf7 27. a4 Rd8 28. b4 Qc8 29. Rc1 Qa8 30. Bxc6 Rc8 31. b5 Qxa4 32. d7 1-0

[Event "Ruhrgebiet Verbandsliga1 1011"]
[Site "Nordrheinwestfalen"]
[Date "2010.11.14"]
[Round "3.8"]
[White "Schmidt, Ralph"]
[Black "Schlee, Ulrich"]
[Result "1-0"]
[WhiteElo "1923"]
[BlackElo "1715"]
[PlyCount "93"]
[EventDate "2011.09.12"]
[EventType "team-tourn"]
[EventRounds "9"]
[EventCountry "GER"]
[SourceTitle "EXT 2020"]
[Source "ChessBase"]
[SourceDate "2019.10.17"]
[SourceVersion "1"]
[SourceVersionDate "2019.10.17"]
[SourceQuality "1"]
[WhiteTeam "Bochum-Linden-Dahlhausen"]
[BlackTeam "Wattenscheid SV"]
[WhiteTeamCountry "GER"]
[BlackTeamCountry "GER"]

1. e4 e5 2. Nf3 Nc6 3. Bc4 Bc5 4. d3 Nf6 5. Bg5 d6 6. h3 a6 7. Nc3 Be6 8. Bb3 Ba7 9. Qd2 Nd4 10. Nxd4 Bxd4 11. Rb1 h6 12. Be3 Ba7 13. 0-0 d5 14. Bxa7 Rxa7 15. exd5 Bxd5 16. Qe3 Bxb3 17. Qxa7 Bxc2 18. Rbc1 Bxd3 19. Rfd1 e4 20. Nxe4 Nxe4 21. Qe3 0-0 22. Rxd3 Nd6 23. Qc5 Qf6 24. Qc3 Qe6 25. Re3 Qf5 26. Qe5 Qd7 27. Qe7 Qb5 28. Rec3 Qxb2 29. Rxc7 Nb5 30. Rc8 Rxc8 31. Rxc8+ Kh7 32. Qxf7 Qa1+ 33. Kh2 Qe5+ 34. f4 Qd4 35. Qf5+ g6 36. Qf7+ Qg7 37. Qxg7+ Kxg7 38. Rb8 Nd6 39. Rd8 Nb5 40. Rd7+ Kf6 41. Rxb7 Nd4 42. Rb6+ Kf5 43. Rxa6 Ne2 44. g3 g5 45. fxg5 hxg5 46. Ra5+ Kf6 47. a4 1-0

[Event "Bochum op"]
[Site "Bochum"]
[Date "2006.09.26"]
[Round "7.7"]
[White "Schlee, Ulrich"]
[Black "Knihs, Sebastian"]
[Result "1-0"]
[WhiteElo "1517"]
[BlackElo "789"]
[PlyCount "93"]
[EventDate "2006.08.15"]
[EventType "swiss"]
[EventRounds "7"]
[EventCountry "GER"]
[SourceTitle "EXT 2007"]
[Source "ChessBase"]
[SourceDate "2006.11.23"]
[SourceVersion "1"]
[SourceVersionDate "2006.11.23"]
[SourceQuality "1"]

1. e4 c6 2. d4 d5 3. Nc3 dxe4 4. Nxe4 Bf5 5. Ng3 Bg6 6. Nf3 Nd7 7. Bd3 Bxd3 8. Qxd3 Ngf6 9. 0-0 e6 10. c4 Be7 11. Bf4 0-0 12. Rad1 Nb6 13. Qc2 Bd6 14. Bxd6 Qxd6 15. c5 Qc7 16. cxb6 Qxb6 17. b3 Rad8 18. Rfe1 Nd5 19. Qc5 Qxc5 20. dxc5 Nc3 21. Rxd8 Rxd8 22. a4 Rd5 23. Ne4 Nxe4 24. Rxe4 Rxc5 25. Kf1 Rc3 26. Re3 Rxe3 27. fxe3 Kf8 28. Ke2 Ke7 29. Kd3 h6 30. Ke4 f6 31. Nd2 b6 32. Kd4 g5 33. Ne4 f5 34. Nf2 Kf6 35. e4 h5 36. exf5 exf5 37. Nd3 h4 38. Ne5 c5+ 39. Kd5 g4 40. Nd3 Kg5 41. Ke5 a6 42. Nf4 g3 43. h3 a5 44. Nd3 Kg6 45. Kf4 Kf6 46. Ne5 Ke6 47. Ng6 1-0

[Event "Bochum op"]
[Site "Bochum"]
[Date "2006.09.19"]
[Round "6.5"]
[White "Jedner, Volker"]
[Black "Schlee, Ulrich"]
[Result "1-0"]
[WhiteElo "1801"]
[BlackElo "1517"]
[PlyCount "117"]
[EventDate "2006.08.15"]
[EventType "swiss"]
[EventRounds "7"]
[EventCountry "GER"]
[SourceTitle "EXT 2007"]
[Source "ChessBase"]
[SourceDate "2006.11.23"]
[SourceVersion "1"]
[SourceVersionDate "2006.11.23"]
[SourceQuality "1"]

1. d4 d5 2. Nf3 Nf6 3. c4 e6 4. Nc3 Be7 5. Bf4 c6 6. e3 Nbd7 7. Rc1 0-0 8. Qc2 Re8 9. Bd3 Nf8 10. 0-0 dxc4 11. Bxc4 Nd5 12. Nxd5 exd5 13. Bd3 Bg4 14. Ne5 Bh5 15. Be2 Bxe2 16. Qxe2 Nd7 17. Nf3 Nf6 18. a3 Nh5 19. Be5 f6 20. Bg3 Nxg3 21. hxg3 Bd6 22. b4 Qd7 23. Nd2 a5 24. Rb1 axb4 25. axb4 Ra2 26. Qd3 Rea8 27. Rb3 R8a4 28. Rfb1 Ra1 29. b5 Rxb1+ 30. Rxb1 Rb4 31. bxc6 Rxb1+ 32. Qxb1 Qxc6 33. Kf1 Qc3 34. Qa2 Qc6 35. e4 Qa6+ 36. Qxa6 bxa6 37. exd5 Kf7 38. Ke2 Bb4 39. Nc4 Ke7 40. g4 a5 41. Kd3 a4 42. Kc2 a3 43. Kb3 a2 44. Kxa2 Bc3 45. Kb3 Bxd4 46. Ne3 g6 47. Kc4 Ba7 48. Nd1 Kd6 49. Nc3 Kd7 50. f3 Bb8 51. Ne4 Ke7 52. Kb5 Be5 53. Kc6 f5 54. gxf5 gxf5 55. d6+ Kd8 56. Ng5 Bf6 57. Nxh7 Bh4 58. Nf8 f4 59. Ne6+ 1-0

[Event "Bochum op"]
[Site "Bochum"]
[Date "2006.09.05"]
[Round "4.5"]
[White "Peters, Olaf"]
[Black "Schlee, Ulrich"]
[Result "1-0"]
[WhiteElo "1920"]
[BlackElo "1517"]
[PlyCount "105"]
[EventDate "2006.08.15"]
[EventType "swiss"]
[EventRounds "7"]
[EventCountry "GER"]
[SourceTitle "EXT 2007"]
[Source "ChessBase"]
[SourceDate "2006.11.23"]
[SourceVersion "1"]
[SourceVersionDate "2006.11.23"]
[SourceQuality "1"]

1. c4 e5 2. Nc3 Nc6 3. e4 Nf6 4. d3 Be7 5. g3 0-0 6. Bg2 d6 7. Nge2 Bd7 8. 0-0 Qc8 9. f4 Bh3 10. f5 Bxg2 11. Kxg2 Qd8 12. h3 Re8 13. Be3 Qd7 14. g4 h6 15. Ng3 Bf8 16. h4 Ne7 17. g5 Nh7 18. Nh5 c6 19. Qf3 Rad8 20. gxh6 gxh6 21. Rad1 d5 22. Qg3+ Kh8 23. Qxe5+ f6 24. Nxf6 Nxf6 25. Qxf6+ Bg7 26. Qf7 d4 27. f6 Qg4+ 28. Kf2 dxe3+ 29. Kxe3 Qg3+ 30. Ke2 Qg2+ 31. Rf2 Qg4+ 32. Kd2 Bf8 33. fxe7 Bxe7 34. Rf4 Qd7 35. Rf3 Rg8 36. Qh5 Qd6 37. e5 Qg6 38. Qxg6 Rxg6 39. Rf4 Rg2+ 40. Kc1 Rh2 41. Re4 Bxh4 42. d4 Bg5+ 43. Kb1 Kg7 44. d5 cxd5 45. cxd5 Kf7 46. e6+ Ke7 47. Nb5 Rc8 48. d6+ Kf6 49. Rf1+ Kg7 50. Nc7 Bf6 51. Rg4+ Bg5 52. e7 Re2 53. d7 1-0